Select the North American Country - Statistics

General Stats
  • This quiz has been taken 154 times
  • The average score is 15 of 23
Answers on the Map
Answers color-coded by a green-red scale on the quiz's map according to % correct below.
 
Answer Stats
Answer % Correct
Mexico
94%
United States
94%
Canada
91%
Panama
84%
Cuba
79%
Bahamas
78%
Haiti
73%
Guatemala
72%
Dominican Republic
70%
Costa Rica
68%
El Salvador
68%
Belize
65%
Jamaica
65%
Nicaragua
63%
Honduras
59%
Trinidad and Tobago
51%
St Lucia
48%
Barbados
47%
Dominica
46%
St Kitts and Nevis
46%
Grenada
43%
Antigua and Barbuda
41%
St Vincent and the Grenadines
38%
No matching quizzes found
Score Distribution
Percent of People with Each Score
Percentile by Number Answered
Your Score History
You have not taken this quiz